| 000 | 00557nam a2200205Ia 4500 | ||
|---|---|---|---|
| 003 | OSt | ||
| 005 | 20230417113545.0 | ||
| 008 | 210423s2011 xx 000 0 und d | ||
| 020 | _a9789380618463 | ||
| 040 | _cAL | ||
| 041 | _aeng | ||
| 082 |
_a510.01 SONR _223 |
||
| 100 |
_aSONI (R S);SONI (Avneet Kaur). _989283 |
||
| 245 | _aMathematics for business economics and finance. | ||
| 260 |
_aNew Delhi _bAne Books _c2011 |
||
| 300 |
_axii,1.24 _bPB |
||
| 365 |
_b595 _cINR |
||
| 906 | _abusiness ; economics ; finance. ; Mathematics | ||
| 942 |
_2ddc _cBK |
||
| 999 |
_c159432 _d159432 |
||